000 00458nam a2200205Ia 4500
001 12781
003 GE_BSU
008 181216s||||||||xx |||||||||||||| ||und||
020 _a9780099556855
040 _cGE_BSU
080 _a821.111-311.6
100 _aHemingway,Sean.
245 4 _aThe Tomb of Alexander.
260 _aLondon.
260 _bArrow Books.
260 _c2012
300 _a388p;18cm.
653 _aThe Tomb of Alexander.
942 _cBK
999 _c45952
_d45952